书目信息 |
| 题名: |
千里驰援
|
|
| 作者: | 李锋 主编 | |
| 分册: | ||
| 出版信息: | 深圳 深圳报业集团出版社 2009.04 |
|
| 页数: | 311页 | |
| 开本: | 24cm | |
| 丛书名: | ||
| 单 册: | ||
| 中图分类: | I253.1 , D632.5 | |
| 科图分类: | ||
| 主题词: | 报告文学--中国--当代 , 救灾 , 抗震--救灾--四川--2008--史料 , 报告文学 , 抗震 | |
| 电子资源: | ||
| ISBN: | 978-7-80709-166-0 | |
| 000 | 01026nam0 2200313 450 | |
| 001 | 1232503908 | |
| 005 | 20120109090203.00 | |
| 010 | @a978-7-80709-166-0@dCNY58.00 | |
| 090 | @aI253@blf | |
| 096 | @aI253@blf | |
| 100 | @a20110615d2009 em y0chiy50 ea | |
| 101 | 0 | @achi |
| 102 | @aCN@b440000 | |
| 105 | @aa z 000zd | |
| 200 | 1 | @a千里驰援@b专著@e2008深圳援建地震灾区纪实@f李锋主编@9qian li chi yuan |
| 210 | @a深圳@c深圳报业集团出版社@d2009.04 | |
| 215 | @a311页@c照片@d24cm | |
| 330 | @a本书用纪实的笔法记录了对口支援工作的情况,再现了那些临危不惧、无私奉献的感人事迹,阐释了新时代的深圳精神。 | |
| 517 | 1 | @a2008深圳援建地震灾区纪实@92008 shen zhen yuan jian di zhen zai qu ji shi |
| 606 | 0 | @a报告文学@y中国@z当代 |
| 606 | 0 | @a救灾 |
| 606 | 0 | @a抗震@x救灾@y四川@z2008@j史料 |
| 606 | 0 | @a报告文学 |
| 606 | 0 | @a抗震 |
| 690 | @aI253.1@v4 | |
| 690 | @aD632.5@v4 | |
| 701 | 0 | @a李锋@f(1959~)@4主编@9li feng |
| 801 | 0 | @aCN@b大连网信软件有限公司图书馆·11@c20120109 |
| 905 | @aZUCC@dI253.1@eL152 | |
| 千里驰援:2008深圳援建地震灾区纪实/李锋主编.-深圳:深圳报业集团出版社,2009.04 |
| 311页:照片;24cm |
| ISBN 978-7-80709-166-0:CNY58.00 |
| 本书用纪实的笔法记录了对口支援工作的情况,再现了那些临危不惧、无私奉献的感人事迹,阐释了新时代的深圳精神。 |
| ● |
| 相关链接 |
|
|
|
正题名:千里驰援
索取号:I253.1/L152
 
预约/预借
| 序号 | 登录号 | 条形码 | 馆藏地/架位号 | 状态 | 备注 |
| 1 | 481269 | 204812694 | 文学库108/108文学库 67排8列1层/ [索取号:I253.1/L152] | 在馆 | |
| 2 | 481270 | 204812701 | 文学库108/108文学库 67排8列1层/ [索取号:I253.1/L152] | 在馆 | |
| 3 | 481271 | 204812710 | 文学库108/108文学库 67排8列1层/ [索取号:I253.1/L152] | 在馆 |